| 000 | 00526nam a2200181Ia 4500 | ||
|---|---|---|---|
| 999 |
_c14594 _d14594 |
||
| 003 | OSt | ||
| 005 | 20201102130809.0 | ||
| 008 | 190216s9999||||xx |||||||||||||| ||und|| | ||
| 020 | _a9789380005157 | ||
| 040 | _coclc | ||
| 082 |
_a820.9 _bHUD/O |
||
| 100 |
_aHudson, William Henry _95328 |
||
| 245 | 3 |
_aAn Outline History Of English Literature / _cWilliam Henry Hudson |
|
| 260 |
_bMaple Press, _c2011. _aNoida: |
||
| 300 | _a319p | ||
| 650 | _aEnglish | ||
| 942 |
_cBK _2ddc _h820.9 _iHUD/O _k820.9 _mHUD/O |
||